[Event "5. Open Internacional 64 Villalba 2017"]
[Site "Collado Villalba ESP"]
[Date "2017.07.25"]
[Round "3.7"]
[White "Pena Hernandez, Francisco"]
[Black "Martin Garcia, Francisco Javie"]
[Result "0-1"]
[WhiteElo "1486"]
[BlackElo "1563"]
[PlyCount "82"]
[EventDate "2017.07.23"]
[EventType "swiss"]
[EventRounds "8"]
[EventCountry "ESP"]
[SourceTitle "Ajedrez en Madrid"]
[Source "lmi"]
[SourceDate "2017.07.23"]
[SourceVersion "1"]
[SourceVersionDate "2017.08.02"]
[SourceQuality "1"]

1. c4 Nf6 2. Nc3 d5 3. e3 g6 4. d4 Bg7 5. cxd5 Nxd5 6. Bc4 Nxc3 7. bxc3 c5 8.
Qa4+ Bd7 9. Qb3 O-O 10. Qxb7 Bc6 11. Qb3 Bxg2 12. Nf3 Bxh1 13. Ng5 e6 14. Nh3
cxd4 15. exd4 Nc6 16. Qc2 Qa5 17. Bd2 Qh5 18. Bf1 Rac8 19. Qd3 Rfd8 20. Be2 Qa5
21. Qg3 Qa3 22. Bc1 Qd6 23. Qxd6 Rxd6 24. f3 e5 25. dxe5 Bxe5 26. Kf2 Bxc3 27.
Rb1 Bd4+ 28. Kf1 Ne5 29. Ng5 Nc4 30. Ne4 Rdc6 31. Ng3 Bxf3 32. Bxf3 Rf6 33. Kg2
Ne5 34. Be4 Rf2+ 35. Kh3 Rxa2 36. Bf4 h5 37. Nf1 Ng4 38. Bd5 Ra3+ 39. Kh4 Bf6+
40. Bg5 Bxg5+ 41. Kxg5 Ra5 0-1

[Event "5. Open Internacional 64 Villalba 2017"]
[Site "Collado Villalba ESP"]
[Date "2017.07.25"]
[Round "3.8"]
[White "Salgado Duarte, Pablo"]
[Black "Gonzalez Arroyo, Abel Miguel"]
[Result "0-1"]
[WhiteElo "1604"]
[BlackElo "1496"]
[PlyCount "80"]
[EventDate "2017.07.23"]
[EventType "swiss"]
[EventRounds "8"]
[EventCountry "ESP"]
[SourceTitle "Ajedrez en Madrid"]
[Source "lmi"]
[SourceDate "2017.07.23"]
[SourceVersion "1"]
[SourceVersionDate "2017.08.02"]
[SourceQuality "1"]

1. d4 d5 2. c4 c6 3. cxd5 cxd5 4. Nc3 Nf6 5. Nf3 Nc6 6. Bf4 e6 7. h3 Bd6 8.
Bxd6 Qxd6 9. e3 a6 10. Bd3 O-O 11. a3 e5 12. dxe5 Nxe5 13. Be2 Rd8 14. O-O
Nxf3+ 15. Bxf3 d4 16. exd4 Qxd4 17. Qb3 Be6 18. Qc2 Qb6 19. Na4 Qb5 20. Be2 Qg5
21. Kh1 Rd2 22. f4 Qd5 23. Nc3 Rxc2 24. Nxd5 Bxd5 25. Bf3 Bxf3 26. Rxf3 Rxb2
27. Rc3 Nd5 28. Rd3 Nxf4 29. Rf3 Nxg2 30. Rg1 Nh4 31. Rfg3 Ng6 32. h4 Re8 33.
h5 Ree2 34. Rd1 Nf8 35. Rh3 h6 36. a4 Ne6 37. Rc1 Ng5 38. Rhc3 Rh2+ 39. Kg1
Nh3+ 40. Kf1 Rh1# 0-1

[Event "5. Open Internacional 64 Villalba 2017"]
[Site "Collado Villalba ESP"]
[Date "2017.07.25"]
[Round "3.9"]
[White "Olmedo Aznar, Eduardo"]
[Black "Olmedo Alvarez, Jesus"]
[Result "1-0"]
[WhiteElo "1504"]
[BlackElo "1366"]
[PlyCount "141"]
[EventDate "2017.07.23"]
[EventType "swiss"]
[EventRounds "8"]
[EventCountry "ESP"]
[SourceTitle "Ajedrez en Madrid"]
[Source "lmi"]
[SourceDate "2017.07.23"]
[SourceVersion "1"]
[SourceVersionDate "2017.08.02"]
[SourceQuality "1"]

1. e4 e6 2. d3 c5 3. Nd2 d5 4. g3 Nc6 5. Bg2 Nf6 6. Ngf3 Be7 7. O-O Qc7 8. Re1
dxe4 9. Nxe4 Nxe4 10. Rxe4 f5 11. Re1 h6 12. Nh4 Bxh4 13. Qh5+ Qf7 14. Qxh4 Ne7
15. Qc4 O-O 16. Qxc5 Nc6 17. Bxc6 bxc6 18. Qxc6 Bd7 19. Qg2 Rac8 20. c3 Bc6 21.
f3 Qb7 22. Rf1 e5 23. Qe2 Rce8 24. b3 Rf6 25. Be3 f4 26. Bf2 Bxf3 27. Qd2 Rg6
28. Be1 fxg3 29. Bxg3 Rf8 30. Qe3 Bh1 31. Rxf8+ Kxf8 32. Rf1+ Kg8 33. Rf2 Rg5
34. Kf1 Bc6 35. Bxe5 Qe7 36. Bf4 Qxe3 37. Bxe3 Re5 38. Bxa7 Bd7 39. Re2 Rf5+
40. Rf2 Rd5 41. d4 g5 42. Bc5 Kg7 43. c4 Bh3+ 44. Ke1 Rd8 45. Re2 Kg6 46. Kd2
Bf5 47. Kc3 g4 48. b4 h5 49. Re5 h4 50. d5 h3 51. Bf2 Rf8 52. Bg3 Bb1 53. Kb2
Bd3 54. c5 Rf3 55. d6 Bb5 56. Re4 Kf5 57. Re5+ Kg6 58. Re1 Rf7 59. Re7 Rf3 60.
Re1 Rd3 61. Rc1 Rd2+ 62. Rc2 Rd4 63. a3 Ba4 64. Rf2 Rd3 65. Bf4 Rf3 66. Rxf3
gxf3 67. Bg3 Kf5 68. Kc3 Ke4 69. Kc4 Ke3 70. b5 Bd1 71. d7 1-0

[Event "5. Open Internacional 64 Villalba 2017"]
[Site "Collado Villalba ESP"]
[Date "2017.07.26"]
[Round "4.1"]
[White "Santo Domingo Pascual, Ignacio"]
[Black "Alonso C, Luis"]
[Result "0-1"]
[WhiteElo "1556"]
[BlackElo "1912"]
[PlyCount "70"]
[EventDate "2017.07.23"]
[EventType "swiss"]
[EventRounds "8"]
[EventCountry "ESP"]
[SourceTitle "Ajedrez en Madrid"]
[Source "lmi"]
[SourceDate "2017.07.23"]
[SourceVersion "1"]
[SourceVersionDate "2017.08.02"]
[SourceQuality "1"]

1. d4 Nf6 2. Nf3 d5 3. g3 c6 4. Bg2 Bg4 5. O-O Nbd7 6. c4 e6 7. cxd5 exd5 8.
Nc3 Bd6 9. h3 Bh5 10. Qb3 Qb6 11. Qxb6 Nxb6 12. b3 O-O 13. Bb2 Rfe8 14. Rfe1
Ne4 15. e3 f5 16. Ne2 Re7 17. Nc1 Bb4 18. Rf1 Bxf3 19. Bxf3 Nd2 20. Bg2 Nxf1
21. Bxf1 a5 22. Nd3 Bd6 23. Re1 a4 24. Nc5 axb3 25. axb3 Ra2 26. Bc3 g5 27. Bd3
f4 28. e4 fxg3 29. fxg3 Bxg3 30. e5 Rf7 31. Rf1 Bf2+ 32. Kh1 Rf3 33. e6 Rxh3+
34. Kg2 Rg3+ 35. Kh1 Bg1 0-1

[Event "5. Open Internacional 64 Villalba 2017"]
[Site "Collado Villalba ESP"]
[Date "2017.07.26"]
[Round "4.2"]
[White "Osorio Ramos, Francisco"]
[Black "Rodriguez Sanchez, Juan Carlos"]
[Result "1-0"]
[WhiteElo "1845"]
[BlackElo "1604"]
[PlyCount "63"]
[EventDate "2017.07.23"]
[EventType "swiss"]
[EventRounds "8"]
[EventCountry "ESP"]
[SourceTitle "Ajedrez en Madrid"]
[Source "lmi"]
[SourceDate "2017.07.23"]
[SourceVersion "1"]
[SourceVersionDate "2017.08.02"]
[SourceQuality "1"]

1. d4 Nf6 2. c4 e6 3. Nf3 d5 4. Nc3 Be7 5. Bf4 c6 6. e3 O-O 7. Rc1 Nbd7 8. Bd3
a6 9. c5 g6 10. O-O Re8 11. b4 Nh5 12. a4 Nxf4 13. exf4 Bf8 14. b5 Bg7 15. Ne5
Bxe5 16. fxe5 axb5 17. axb5 Qa5 18. Ra1 Qxa1 19. Qxa1 Rxa1 20. Rxa1 f6 21. f4
fxe5 22. fxe5 Kf8 23. bxc6 bxc6 24. Ra7 Ke7 25. Na2 Rf8 26. Nb4 Rf4 27. Nxc6+
Ke8 28. Ra8 Nxc5 29. dxc5 Kd7 30. Bb5 Kc7 31. Ra7+ Bb7 32. Na5 1-0

[Event "5. Open Internacional 64 Villalba 2017"]
[Site "Collado Villalba ESP"]
[Date "2017.07.26"]
[Round "4.3"]
[White "Cabañas Bravo, Juan Andres"]
[Black "Galan Aguado, Fernando"]
[Result "1-0"]
[WhiteElo "2045"]
[BlackElo "1689"]
[PlyCount "55"]
[EventDate "2017.07.23"]
[EventType "swiss"]
[EventRounds "8"]
[EventCountry "ESP"]
[SourceTitle "Ajedrez en Madrid"]
[Source "lmi"]
[SourceDate "2017.07.23"]
[SourceVersion "1"]
[SourceVersionDate "2017.08.02"]
[SourceQuality "1"]

1. e4 e6 2. d4 d5 3. Bd3 dxe4 4. Bxe4 Nf6 5. Bf3 Nbd7 6. Ne2 Be7 7. Bf4 c6 8.
c4 Qa5+ 9. Nbc3 e5 10. Bd2 Qb6 11. d5 cxd5 12. cxd5 Nc5 13. Be3 Bd6 14. O-O O-O
15. Qc2 Qa6 16. Ng3 Bg4 17. Qd1 Qc4 18. Rc1 Nd3 19. Nce4 Nxc1 20. Nxf6+ gxf6
21. Bxg4 Nd3 22. Bf5 Nf4 23. Qg4+ Kh8 24. b3 Rg8 25. Qxg8+ Rxg8 26. bxc4 Rg5
27. Bxf4 exf4 28. Ne4 1-0

[Event "5. Open Internacional 64 Villalba 2017"]
[Site "Collado Villalba ESP"]
[Date "2017.07.26"]
[Round "4.4"]
[White "Svyatoslav, Vorobyev"]
[Black "Suarez Paz, Alfonso"]
[Result "1-0"]
[WhiteElo "1771"]
[BlackElo "1886"]
[PlyCount "39"]
[EventDate "2017.07.23"]
[EventType "swiss"]
[EventRounds "8"]
[EventCountry "ESP"]
[SourceTitle "Ajedrez en Madrid"]
[Source "lmi"]
[SourceDate "2017.07.23"]
[SourceVersion "1"]
[SourceVersionDate "2017.08.02"]
[SourceQuality "1"]

1. Nf3 Nf6 2. d4 d5 3. c4 c6 4. Nc3 e6 5. g3 Be7 6. Bg2 O-O 7. O-O Nbd7 8. b3
Ne4 9. Nxe4 dxe4 10. Nd2 f5 11. e3 Nf6 12. f3 exf3 13. Nxf3 Bd6 14. Bb2 Ng4 15.
Qd3 Bd7 16. e4 Be8 17. h3 Bg6 18. e5 Bxe5 19. Qe2 Bxg3 20. hxg4 1-0

[Event "5. Open Internacional 64 Villalba 2017"]
[Site "Collado Villalba ESP"]
[Date "2017.07.26"]
[Round "4.5"]
[White "Agejas Garcia, Diego"]
[Black "Martin-Consuegra Barrilero, Ja"]
[Result "1/2-1/2"]
[WhiteElo "1540"]
[BlackElo "1818"]
[PlyCount "83"]
[EventDate "2017.07.23"]
[EventType "swiss"]
[EventRounds "8"]
[EventCountry "ESP"]
[SourceTitle "Ajedrez en Madrid"]
[Source "lmi"]
[SourceDate "2017.07.23"]
[SourceVersion "1"]
[SourceVersionDate "2017.08.02"]
[SourceQuality "1"]

1. Nf3 Nf6 2. c4 d6 3. d4 Nbd7 4. Nc3 e5 5. dxe5 dxe5 6. Bg5 c6 7. e3 Be7 8. h3
O-O 9. Be2 Qc7 10. Qc2 Re8 11. O-O Nf8 12. Ne4 Nxe4 13. Bxe7 Qxe7 14. Qxe4 f5
15. Qc2 Ng6 16. c5 Be6 17. Rad1 Rad8 18. Qc3 Bd5 19. Rd2 Bxf3 20. Bxf3 Rxd2 21.
Qxd2 Rd8 22. Qc2 e4 23. Be2 Ne5 24. Rd1 Rxd1+ 25. Bxd1 Kf8 26. Be2 Qd7 27. Kf1
Qd5 28. b3 b6 29. cxb6 axb6 30. Ke1 Ke7 31. Bc4 Nxc4 32. bxc4 Qa5+ 33. Ke2 Qb4
34. Qb3 c5 35. Kd1 Kd6 36. Kc2 Kc6 37. Qc3 b5 38. cxb5+ Qxb5 39. Qxg7 Qd3+ 40.
Kb2 Qd2+ 41. Kb3 Qd1+ 42. Kb2 1/2-1/2

[Event "5. Open Internacional 64 Villalba 2017"]
[Site "Collado Villalba ESP"]
[Date "2017.07.26"]
[Round "4.6"]
[White "Martin Garcia, Francisco Javie"]
[Black "Gali Gambero, Joaquin"]
[Result "1/2-1/2"]
[WhiteElo "1563"]
[BlackElo "1418"]
[PlyCount "171"]
[EventDate "2017.07.23"]
[EventType "swiss"]
[EventRounds "8"]
[EventCountry "ESP"]
[SourceTitle "Ajedrez en Madrid"]
[Source "lmi"]
[SourceDate "2017.07.23"]
[SourceVersion "1"]
[SourceVersionDate "2017.08.02"]
[SourceQuality "1"]

1. d4 Nf6 2. Nf3 e6 3. g3 b6 4. c4 Bb7 5. Bg2 d5 6. Ne5 Nbd7 7. Bf4 c5 8. O-O
cxd4 9. Qa4 Be7 10. Rd1 O-O 11. Nc6 Bxc6 12. Qxc6 Rc8 13. Qa4 e5 14. Bg5 h6 15.
Bxf6 Nxf6 16. cxd5 Nxd5 17. Bxd5 Qxd5 18. Qxa7 Bc5 19. Qa4 Ra8 20. Qc2 Rxa2 21.
Nc3 Qe6 22. Nxa2 Ra8 23. b4 Be7 24. Rdc1 e4 25. Qc4 Qg6 26. Qc6 Qxc6 27. Rxc6
Bxb4 28. Nxb4 Rxa1+ 29. Kg2 Rb1 30. Nd5 b5 31. Rc8+ Kh7 32. Rb8 d3 33. exd3
exd3 34. Ne3 Rb2 35. Kf3 d2 36. Ke2 d1=Q+ 37. Kxd1 Rxf2 38. Rxb5 Rxh2 39. Ke1
h5 40. Kf1 g6 41. Ng2 Rh1+ 42. Kf2 Kh6 43. Rb7 f6 44. Rb6 Kg5 45. Rb5+ Kh6 46.
Nh4 Rh2+ 47. Kf3 Rc2 48. Rb6 Rc3+ 49. Kg2 Rc2+ 50. Kf1 Kg5 51. Ng2 Rc1+ 52. Ne1
f5 53. Kf2 Rc3 54. Rb4 Rc6 55. Nf3+ Kf6 56. Nh4 g5 57. Ng2 Rd6 58. Rb8 g4 59.
Nh4 Ke5 60. Rh8 f4 61. Rxh5+ Ke4 62. gxf4 Kxf4 63. Ng2+ Ke4 64. Ke2 Rb6 65. Kf2
Rb3 66. Rg5 Rf3+ 67. Ke2 Rg3 68. Kf2 Rf3+ 69. Ke2 Rg3 70. Kf2 Rf3+ 71. Ke2 Rg3
72. Nh4 Kf4 73. Rg8 Re3+ 74. Kd2 Rh3 75. Ng6+ Kg3 76. Ne5 Rh4 77. Ke3 Kh3 78.
Kf2 Rh5 79. Nxg4 Rf5+ 80. Kg1 Rf3 81. Nf2+ Kh4 82. Rg4+ Kh5 83. Rg8 Kh4 84. Kh2
Rf5 85. Rh8+ Kg5 86. Kg3 1/2-1/2

[Event "5. Open Internacional 64 Villalba 2017"]
[Site "Collado Villalba ESP"]
[Date "2017.07.26"]
[Round "4.7"]
[White "Gonzalez Arroyo, Abel Miguel"]
[Black "Olmedo Aznar, Eduardo"]
[Result "1/2-1/2"]
[WhiteElo "1496"]
[BlackElo "1504"]
[PlyCount "112"]
[EventDate "2017.07.23"]
[EventType "swiss"]
[EventRounds "8"]
[EventCountry "ESP"]
[SourceTitle "Ajedrez en Madrid"]
[Source "lmi"]
[SourceDate "2017.07.23"]
[SourceVersion "1"]
[SourceVersionDate "2017.08.02"]
[SourceQuality "1"]

1. d4 d5 2. Nf3 Nf6 3. Bf4 Bf5 4. e3 e6 5. c3 Nbd7 6. Bd3 Bg4 7. h3 Bh5 8. Nbd2
c5 9. c4 cxd4 10. exd4 Be7 11. O-O O-O 12. Qb3 Qb6 13. c5 Qxb3 14. axb3 Bg6 15.
Bxg6 hxg6 16. b4 Rfc8 17. Nb3 b5 18. Ra5 a6 19. Rfa1 Nb8 20. Rxb5 Nc6 21. Rb6
Nd7 22. Rbxa6 Rxa6 23. Rxa6 Nxb4 24. Ra7 Nxc5 25. Nxc5 Bxc5 26. dxc5 Nd3 27.
Bd6 f6 28. Rc7 Rxc7 29. Bxc7 Nxc5 30. b4 Nb7 31. Nd4 Kf7 32. Nb5 Ke7 33. Bb6
Kd7 34. Nc3 Kc6 35. Be3 Nd6 36. Kf1 e5 37. Bc5 g5 38. f3 f5 39. g4 g6 40. Ke2
d4 41. Nd1 Kd5 42. Nf2 Nf7 43. Kd3 Nd8 44. Be7 Nc6 45. Bxg5 Nxb4+ 46. Kd2 e4
47. fxe4+ fxe4 48. Nd1 Nd3 49. h4 Ne5 50. h5 Nf3+ 51. Ke2 Nxg5 52. hxg6 Ke6 53.
Nf2 Kf6 54. g7 Kxg7 55. Nxe4 Nxe4 56. Kd3 Nf6 1/2-1/2

[Event "5. Open Internacional 64 Villalba 2017"]
[Site "Collado Villalba ESP"]
[Date "2017.07.26"]
[Round "4.10"]
[White "Salgado Duarte, Pablo"]
[Black "Osuna Osuna, Francisco"]
[Result "0-1"]
[WhiteElo "1604"]
[BlackElo "1590"]
[PlyCount "65"]
[EventDate "2017.07.23"]
[EventType "swiss"]
[EventRounds "8"]
[EventCountry "ESP"]
[SourceTitle "Ajedrez en Madrid"]
[Source "lmi"]
[SourceDate "2017.07.23"]
[SourceVersion "1"]
[SourceVersionDate "2017.08.02"]
[SourceQuality "1"]

1. d4 d5 2. c4 e5 3. dxe5 d4 4. e3 Bb4+ 5. Bd2 dxe3 6. Bxb4 exf2+ 7. Ke2
fxg1=N+ 8. Ke1 Qh4+ 9. g3 Qe4+ 10. Kd2 Qxh1 11. Kc1 Qxh2 12. Qd3 Nc6 13. Bc3
Bd7 14. e6 Qh6+ 15. Nd2 Bxe6 16. Bg2 Rd8 17. Qf1 Nd4 18. Bxd4 Rxd4 19. Qf2
Rxc4+ 20. Kd1 Bg4+ 21. Ke1 Qe6+ 22. Kf1 Qe2+ 23. Qxe2+ Bxe2+ 24. Kxg1 Rc2 25.
Nb3 Nf6 26. Re1 O-O 27. Nd4 Rxb2 28. Nxe2 Re8 29. Kf1 Ng4 30. Bh1 h5 31. Bf3
Nh2+ 32. Kg2 Nxf3 33. Kxf3 0-1

[Event "5. Open Internacional 64 Villalba 2017"]
[Site "Collado Villalba ESP"]
[Date "2017.07.26"]
[Round "4.11"]
[White "Olmedo Alvarez, Jesus"]
[Black "Garcia Gil, Yvan"]
[Result "1-0"]
[WhiteElo "1366"]
[BlackElo "1244"]
[PlyCount "109"]
[EventDate "2017.07.23"]
[EventType "swiss"]
[EventRounds "8"]
[EventCountry "ESP"]
[SourceTitle "Ajedrez en Madrid"]
[Source "lmi"]
[SourceDate "2017.07.23"]
[SourceVersion "1"]
[SourceVersionDate "2017.08.02"]
[SourceQuality "1"]

1. e4 d6 2. Nf3 Nf6 3. d3 g6 4. g3 Bg7 5. Bg2 O-O 6. O-O e5 7. Nc3 c6 8. Be3
Ng4 9. Bg5 Bf6 10. Qd2 Bxg5 11. Nxg5 h6 12. Nf3 Kg7 13. Rad1 d5 14. exd5 cxd5
15. Rfe1 d4 16. Nb1 Nc6 17. h3 Nf6 18. Nxe5 Nxe5 19. Rxe5 Re8 20. Rxe8 Nxe8 21.
Na3 Nd6 22. c4 Rb8 23. c5 Ne8 24. Qe2 Bd7 25. Qe5+ Nf6 26. Qxd4 Bc6 27. Qxd8
Rxd8 28. Bxc6 bxc6 29. Nc4 Rd4 30. Ne5 Rd5 31. d4 Nd7 32. Nxd7 Rxd7 33. a4 a5
34. Kf1 Rd5 35. Rd3 Kf6 36. Ke2 Rh5 37. g4 Rd5 38. Kd2 Kg5 39. Kc3 h5 40. gxh5
Kxh5 41. b4 axb4+ 42. Kxb4 Rf5 43. a5 Rxf2 44. d5 Rb2+ 45. Rb3 Rd2 46. dxc6 Rd8
47. Ka4 Rc8 48. Rb6 f5 49. a6 Rc7 50. Kb5 f4 51. Rb7 Rxc6 52. Kxc6 f3 53. Rf7
Kh4 54. a7 Kg3 55. a8=Q 1-0

[Event "5. Open Internacional 64 Villalba 2017"]
[Site "Collado Villalba ESP"]
[Date "2017.07.27"]
[Round "5.1"]
[White "Alonso C, Luis"]
[Black "Osorio Ramos, Francisco"]
[Result "0-1"]
[WhiteElo "1912"]
[BlackElo "1845"]
[PlyCount "88"]
[EventDate "2017.07.23"]
[EventType "swiss"]
[EventRounds "8"]
[EventCountry "ESP"]
[SourceTitle "Ajedrez en Madrid"]
[Source "lmi"]
[SourceDate "2017.07.23"]
[SourceVersion "1"]
[SourceVersionDate "2017.08.02"]
[SourceQuality "1"]

1. e4 c5 2. Nf3 e6 3. Nc3 a6 4. a4 Nc6 5. g3 Qc7 6. Bg2 Nf6 7. d3 Be7 8. Bf4 d6
9. O-O O-O 10. Qd2 Nh5 11. Qe3 Nf6 12. h3 h6 13. Bxh6 gxh6 14. Qxh6 Nh7 15. e5
d5 16. Rfe1 Nd4 17. Nxd4 cxd4 18. Ne4 Qxe5 19. Nd2 Qg5 20. Qxg5+ Bxg5 21. f4
Bf6 22. Nb3 Bd7 23. Nc5 Bc6 24. a5 Rfe8 25. g4 Nf8 26. g5 Bg7 27. Kf2 Ng6 28.
Kg3 Ne7 29. Re2 Nf5+ 30. Kg4 Bf8 31. Nb3 Bd6 32. Rae1 Bb4 33. Ra1 Rac8 34. h4
Bb5 35. Rc1 Ba4 36. Na1 Bxa5 37. h5 Ne3+ 38. Kf3 Nxg2 39. Kxg2 Bd7 40. Kf3 e5
41. f5 e4+ 42. Kg4 e3 43. c4 dxc4 44. Rxc4 Bd8 0-1

[Event "5. Open Internacional 64 Villalba 2017"]
[Site "Collado Villalba ESP"]
[Date "2017.07.27"]
[Round "5.2"]
[White "Svyatoslav, Vorobyev"]
[Black "Cabañas Bravo, Juan Andres"]
[Result "1-0"]
[WhiteElo "1771"]
[BlackElo "2045"]
[PlyCount "59"]
[EventDate "2017.07.23"]
[EventType "swiss"]
[EventRounds "8"]
[EventCountry "ESP"]
[SourceTitle "Ajedrez en Madrid"]
[Source "lmi"]
[SourceDate "2017.07.23"]
[SourceVersion "1"]
[SourceVersionDate "2017.08.02"]
[SourceQuality "1"]

1. d4 Nf6 2. c4 c5 3. d5 b5 4. cxb5 a6 5. f3 axb5 6. e4 Qa5+ 7. Bd2 b4 8. Na3
d6 9. Nc4 Qc7 10. Bd3 g6 11. Ne2 Bg7 12. Qc1 O-O 13. Bh6 e6 14. Bxg7 Kxg7 15.
e5 dxe5 16. d6 Qc6 17. Ng3 Nbd7 18. h4 Qd5 19. Qc2 Ba6 20. Rd1 Bxc4 21. Bxc4
Qc6 22. h5 Nb6 23. Qc1 Nxc4 24. hxg6 fxg6 25. Qxc4 Kf7 26. Ne4 Nxe4 27. Rxh7+
Kf6 28. fxe4 Qa6 29. Qxc5 g5 30. Qc7 1-0

[Event "5. Open Internacional 64 Villalba 2017"]
[Site "Collado Villalba ESP"]
[Date "2017.07.27"]
[Round "5.3"]
[White "Martin-Consuegra Barrilero, Ja"]
[Black "Santo Domingo Pascual, Ignacio"]
[Result "1-0"]
[WhiteElo "1818"]
[BlackElo "1556"]
[PlyCount "85"]
[EventDate "2017.07.23"]
[EventType "swiss"]
[EventRounds "8"]
[EventCountry "ESP"]
[SourceTitle "Ajedrez en Madrid"]
[Source "lmi"]
[SourceDate "2017.07.23"]
[SourceVersion "1"]
[SourceVersionDate "2017.08.02"]
[SourceQuality "1"]

1. d4 Nf6 2. Bf4 e6 3. e3 d5 4. Nf3 c5 5. c3 Nc6 6. Bd3 cxd4 7. exd4 Be7 8. O-O
h6 9. Re1 O-O 10. Nbd2 Nh5 11. Be3 Qc7 12. Nf1 Nf4 13. Bc2 Bf6 14. Qd2 Ng6 15.
g3 e5 16. Bxg6 fxg6 17. dxe5 Bxe5 18. Qxd5+ Kh7 19. Nxe5 Nxe5 20. Bf4 Rxf4 21.
gxf4 Ng4 22. Qf3 Bf5 23. Ne3 Nxe3 24. fxe3 Re8 25. e4 Qb6+ 26. Qf2 Qxf2+ 27.
Kxf2 Rxe4 28. Rxe4 Bxe4 29. Re1 Bc6 30. h4 Bd5 31. a3 Kg8 32. Re7 Kf8 33. Rc7
Bc6 34. c4 a5 35. b4 axb4 36. axb4 g5 37. fxg5 hxg5 38. hxg5 g6 39. Ke3 Ke8 40.
Kf4 Kf8 41. Ke5 Bg2 42. Kf6 Bh3 43. Kxg6 1-0

[Event "5. Open Internacional 64 Villalba 2017"]
[Site "Collado Villalba ESP"]
[Date "2017.07.27"]
[Round "5.4"]
[White "Rodriguez Sanchez, Juan Carlos"]
[Black "Agejas Garcia, Diego"]
[Result "1/2-1/2"]
[WhiteElo "1604"]
[BlackElo "1540"]
[PlyCount "119"]
[EventDate "2017.07.23"]
[EventType "swiss"]
[EventRounds "8"]
[EventCountry "ESP"]
[SourceTitle "Ajedrez en Madrid"]
[Source "lmi"]
[SourceDate "2017.07.23"]
[SourceVersion "1"]
[SourceVersionDate "2017.08.02"]
[SourceQuality "1"]

1. Nf3 d5 2. d4 Bf5 3. Bf4 e6 4. e3 Nf6 5. Nbd2 Bd6 6. Bxd6 Qxd6 7. c4 O-O 8.
Rc1 c6 9. Be2 Nbd7 10. O-O Rfe8 11. Nh4 Bg6 12. Nxg6 hxg6 13. Nf3 dxc4 14. Bxc4
Nb6 15. Bb3 Rac8 16. Qe2 Qe7 17. Rfd1 Red8 18. h3 Rc7 19. Kf1 Kf8 20. a3 Rdc8
21. g4 Rd8 22. Qc2 Rdc8 23. g5 Nh5 24. Qd3 Qd6 25. Kg2 c5 26. dxc5 Qxd3 27.
Rxd3 Rxc5 28. Rxc5 Rxc5 29. h4 Ke7 30. Bd1 Rc1 31. Bb3 Nc4 32. Bxc4 Rxc4 33.
Kf1 Re4 34. Rd4 Rxd4 35. Nxd4 e5 36. Nb5 a6 37. Nc3 Ke6 38. Ne4 f6 39. Nc5+ Kf5
40. Nxb7 fxg5 41. hxg5 Kxg5 42. b4 Kf5 43. Nc5 Nf6 44. Nxa6 Ke6 45. Nc5+ Kd6
46. Ke2 Kc6 47. a4 Nd5 48. Nd3 g5 49. Nxe5+ Kd6 50. Nf3 Nc3+ 51. Kd2 Nxa4 52.
Nxg5 Kc6 53. Nf3 Kb5 54. Nh4 Kxb4 55. Nf5 Nc5 56. Nxg7 Nd7 57. Nf5 Nc5 58. Nd4
Kc4 59. Nf5 Nd3 60. Ke2 1/2-1/2

[Event "5. Open Internacional 64 Villalba 2017"]
[Site "Collado Villalba ESP"]
[Date "2017.07.27"]
[Round "5.5"]
[White "Suarez Paz, Alfonso"]
[Black "Martin Garcia, Francisco Javie"]
[Result "1-0"]
[WhiteElo "1886"]
[BlackElo "1563"]
[PlyCount "79"]
[EventDate "2017.07.23"]
[EventType "swiss"]
[EventRounds "8"]
[EventCountry "ESP"]
[SourceTitle "Ajedrez en Madrid"]
[Source "lmi"]
[SourceDate "2017.07.23"]
[SourceVersion "1"]
[SourceVersionDate "2017.08.02"]
[SourceQuality "1"]

1. e4 c5 2. c4 Nc6 3. Nc3 Nf6 4. d3 e6 5. Nf3 d6 6. Be2 Be7 7. O-O O-O 8. Bg5
h6 9. Bf4 e5 10. Bd2 Be6 11. Nd5 Bxd5 12. cxd5 Nd4 13. Nxd4 cxd4 14. f4 Qb6 15.
fxe5 dxe5 16. Kh1 Ne8 17. Bg4 Nd6 18. Qc1 Ne8 19. b3 Nf6 20. Bh3 Nh7 21. Rf5
Rfc8 22. Qd1 Ng5 23. Bg4 f6 24. h4 g6 25. Rf2 h5 26. Bxc8 Rxc8 27. hxg5 fxg5
28. Rc1 Rd8 29. Rc4 Qb5 30. a4 Qe8 31. Rc7 Rb8 32. Qc2 Bd6 33. Rc4 Be7 34. Bb4
Bxb4 35. Rxb4 Qe7 36. Rc4 Rd8 37. Rc7 Rd7 38. Rxd7 Qxd7 39. Qc4 Qe8 40. Qc7 1-0

[Event "5. Open Internacional 64 Villalba 2017"]
[Site "Collado Villalba ESP"]
[Date "2017.07.27"]
[Round "5.6"]
[White "Olmedo Aznar, Eduardo"]
[Black "Galan Aguado, Fernando"]
[Result "1/2-1/2"]
[WhiteElo "1504"]
[BlackElo "1689"]
[PlyCount "87"]
[EventDate "2017.07.23"]
[EventType "swiss"]
[EventRounds "8"]
[EventCountry "ESP"]
[SourceTitle "Ajedrez en Madrid"]
[Source "lmi"]
[SourceDate "2017.07.23"]
[SourceVersion "1"]
[SourceVersionDate "2017.08.02"]
[SourceQuality "1"]

1. e4 e6 2. d3 d5 3. Nd2 c5 4. g3 Nf6 5. Bg2 Nc6 6. Ngf3 Be7 7. O-O b6 8. Re1
Qc7 9. Nf1 h6 10. Bf4 Qb7 11. exd5 Nxd5 12. Ne5 Bd7 13. Nxd7 Qxd7 14. Qd2 Bf6
15. c3 Nxf4 16. Qxf4 Rd8 17. Qa4 Nb8 18. Qxd7+ Rxd7 19. Rad1 O-O 20. Rd2 Rfd8
21. Red1 Rd6 22. Ne3 g5 23. Nc2 Nc6 24. Na3 Ne5 25. d4 a6 26. Kf1 b5 27. Ke2
cxd4 28. Rxd4 Rxd4 29. Rxd4 Rxd4 30. cxd4 Nd7 31. Nc2 Nb6 32. b3 a5 33. a3 Be7
34. Bc6 b4 35. axb4 axb4 36. Ne3 Kg7 37. d5 exd5 38. Nxd5 Nxd5 39. Bxd5 f5 40.
f3 Kf6 41. f4 g4 42. Kf2 Kg6 43. Kg2 h5 44. h4 1/2-1/2

[Event "5. Open Internacional 64 Villalba 2017"]
[Site "Collado Villalba ESP"]
[Date "2017.07.27"]
[Round "5.7"]
[White "Barranco Martinez, Gabriel"]
[Black "Pena Hernandez, Francisco"]
[Result "1-0"]
[WhiteElo "1640"]
[BlackElo "1486"]
[PlyCount "65"]
[EventDate "2017.07.23"]
[EventType "swiss"]
[EventRounds "8"]
[EventCountry "ESP"]
[SourceTitle "Ajedrez en Madrid"]
[Source "lmi"]
[SourceDate "2017.07.23"]
[SourceVersion "1"]
[SourceVersionDate "2017.08.02"]
[SourceQuality "1"]

1. d4 d5 2. c4 e6 3. Nc3 c6 4. Nf3 dxc4 5. e3 b5 6. a4 a6 7. axb5 cxb5 8. Nxb5
Bb7 9. Nc3 Nf6 10. Bxc4 Be7 11. O-O O-O 12. Bd3 Nc6 13. Re1 Qc7 14. Ne2 Nb4 15.
Ng3 Bd6 16. e4 Bxg3 17. hxg3 Rad8 18. Bf4 Qb6 19. Rc1 Rc8 20. Rxc8 Rxc8 21. Be5
Nd7 22. Bf4 Nf6 23. Qd2 Nc6 24. Bb1 Ne7 25. e5 Nfd5 26. Bg5 h6 27. Bf6 Nxf6 28.
exf6 Bxf3 29. gxf3 gxf6 30. Qxh6 Nf5 31. Bxf5 exf5 32. Kg2 Qxd4 33. Rh1 1-0